000 00840cam a2200217 4500
001 ABS64356
008 010831n2001 000 0 eng u
035 _a(Sirsi) u114404
245 _aHow to make effective offers to settle
260 _c2001
490 _aCommercial Property
_v4(2) 19-23 (5)
520 _aThe Civil Procedure Rules introduced the terms 'part 36 offer', 'part 36 payment' and 'pre-litigation offers'. Advises on how to use these to gain the best benefits and what pitfalls to avoid, providing a brief review and guide to making such offers. Also looks at case law that used these.
590 _aABS
650 _aCIVIL PROCEDURE RULES
650 _aPRE-LITIGATION OFFERS
650 _aPART 36 PAYMENT
650 _aPART 36 OFFER
650 _aLITIGATION
690 _aDispute resolution
_96236
942 _n0
999 _c68136
_d68136